000
00261nam a22001097a 4500
008
170125b xxu||||| |||| 00| 0 eng d
020
_a
9780323037631
041
_a
eng
080
_a
618.2
245
_a
TOUR GUIDE TO NURSING SCHOOL
_c
CHENEVERT, M
942
_2
udc
_c
BK
999
_c
3585
_d
3585